| 000 | 00925nam a2200193Ia 4500 | ||
|---|---|---|---|
| 003 | OSt | ||
| 005 | 20241030090156.0 | ||
| 007 | ca aa aaaaa | ||
| 008 | 201103s9999 xx 000 0 und d | ||
| 040 | _cSSBUL | ||
| 041 | _abur | ||
| 082 |
_223 _a၂၉၄.၃၄၄၃ _b၉၁၇၇ S-SAT |
||
| 100 | 0 |
_aဝိသုတ၊ ဘဒ္ဒန္တ၊ မဟာကမ္မဋ္ဌာနစရိယ၊ သာသနဓဇဓမ္မစရိယ _917333 |
|
| 245 | 1 | 0 |
_aစိတ်ကိုပြုပြင်အလှဆင် / _cသာသနဓဇဓမ္မာစရိယ၊ မဟာကမ္မဋ္ဌာနာစရိယ ဘဒ္ဒန္တဝိသုတ။ |
| 260 |
_aရန်ကုန် ၊ _bယုံကြည်ချက်စာပေ၊ _c၂၀၀၃။ |
||
| 300 |
_a၁၀၀ စာမျက်နှာ ၊ _c၁၉ စင်တီ။ |
||
| 500 | _aS-SAT: Dr. Sai Aung Tun | ||
| 942 |
_2ddc _cBK1 |
||
| 999 |
_c16720 _d16720 |
||